000
00243nam a22000857a 4500
008
160831b xxu||||| |||| 00| 0 eng d
100
_9
275
_a
Blyton E
245
_a
Famous five: Five go adventuring again-2
260
_a
London
_b
Hodder publication
_c
2004
999
_c
2933
_d
2933